Polk's Bryan-College Station (Brazos County, Texas) city directory.

Bibliographic Details
New Title:Bryan-College Station (Brazos County, Texas) city directory
Format: Serial
Language:English
Published: Dallas : R.L. Polk.
Subjects:

MARC

Tag First Indicator Second Indicator Subfields
LEADER 00000cas a2200000 a 4500
001 in00000046866
005 20190207093423.0
008 790814d1uuu1973txuuu r 0uuua0eng d
035 |a (OCoLC)05269579 
035 |9 AAF3239AM 
040 |a TXA  |c TXA  |d UtOrBLW 
043 |a n-us-tx 
049 |a TXAE [Also in] [Sp Coll] 
090 |a F384.5  |b .B7 
245 0 0 |a Polk's Bryan-College Station (Brazos County, Texas) city directory. 
264 1 |a Dallas :  |b R.L. Polk. 
300 |a  volumes :  |b illustrations ;  |c 28 cm. 
336 |a text  |b txt  |2 rdacontent 
337 |a unmediated  |b n  |2 rdamedia 
338 |a volume  |b nc  |2 rdacarrier 
362 0 |a 19 -1973. 
500 |a The Cushing Library/Chapman Texas Collection copy is part of the Floyd & Louise Chapman Texas & Borderlands Collection.  |5 TXA 
651 0 |a Bryan (Tex.)  |x Directories. 
651 0 |a College Station (Tex.)  |x Directories. 
651 0 |a Brazos County (Tex.)  |x Directories. 
785 0 0 |t Bryan-College Station (Brazos County, Texas) city directory 
948 |a t1 
999 |a MARS 
999 f f |s 56c2308e-746c-3913-8d18-66568b1b228d  |i a0555b63-8b92-3ae6-9afa-59631b930f31  |t 0 
952 f f |p ric  |a Texas A&M University  |b Rellis Campus  |c Joint Library Facility  |d Remote Storage  |t 0  |e F384.5 .B7  |h Library of Congress classification  |i unmediated -- volume  |l 1963  |m A14816937830 
952 f f |p ric  |a Texas A&M University  |b Rellis Campus  |c Joint Library Facility  |d Remote Storage  |t 0  |e F384.5 .B7  |h Library of Congress classification  |i unmediated -- volume  |l 1972  |m A14837339322 
952 f f |p noncirc  |a Texas A&M University  |b College Station  |c Cushing Memorial Library & Archives  |d Cushing: Chapman Texas Collection (Does not check out)  |t 0  |e F384.5 .B7  |h Library of Congress classification  |i unmediated -- volume 
952 f f |p ric  |a Texas A&M University  |b Rellis Campus  |c Joint Library Facility  |d Remote Storage  |t 0  |e F384.5 .B7  |h Library of Congress classification  |i unmediated -- volume  |l 1971  |m A14816938006 
952 f f |p ric  |a Texas A&M University  |b Rellis Campus  |c Joint Library Facility  |d Remote Storage  |t 0  |e F384.5 .B7  |h Library of Congress classification  |i unmediated -- volume  |l 1965  |m A14822512656 
998 f f |a F384.5 .B7  |s 1963, 1967, 1969, 1971-1972  |t 0  |l Cushing: Chapman Texas Collection (Does not check out) 
998 f f |a F384.5 .B7  |s 1963-1973  |t 0  |l Remote Storage